| 000 | 00363pab a2200121 454500 | ||
|---|---|---|---|
| 008 | 180718b xxu||||| |||| 00| 0 eng d | ||
| 100 | _aWarnes Anthony M. | ||
| 245 | _aCities and elderly people: recent population and distributional trends | ||
| 362 | _a31(4-5), May 1994, p.799-816 | ||
| 650 | _aOld Age -- United Kingdom | ||
| 773 | _aUrban Studies | ||
| 909 | _a27466 | ||
| 999 |
_c27466 _d27466 |
||